00342nam a22001337a 4500003000400000008004100004082001600045100002000061245007000081260002000151300000900171502001500180650001300195OSt260504b |||||||| |||| 00| 0 eng d a633.1bK76U aKiro, Auqustine aUse of Nitrogen at Different Stages of Growth of Bala and Cauvery aPusabRAUc1973 a58P. bMsc.d1973 aAgronomy